Využitie koučingu ako rozvojového nástroja v spoločnosti Tatra banka, a.s. diplomová práca

Salvato in:
Dettagli Bibliografici
Autore principale: Fečová, Katarína
Ente Autore: Obchodná fakulta EU. Katedra marketingu
Altri autori: Matušovičová, Monika, 1967-
Natura: Libro
Lingua:slovacco
Pubblicazione: Bratislava 2010
Tags: Aggiungi Tag
Nessun Tag, puoi essere il primo ad aggiungerne!!

MARC

LEADER 00000nam$a2200000$$$4500
001 0121462
005 20240318123840.1
041 0 |a slo 
044 |a SK 
245 1 0 |a Využitie koučingu ako rozvojového nástroja v spoločnosti Tatra banka, a.s.  |b diplomová práca  |c Katarína Fečová ; škol. Monika Matušovičová 
264 1 |a Bratislava  |c 2010 
300 |a 63 s. 
100 1 |a Fečová, Katarína 
700 1 |a Matušovičová, Monika, 1967- 
710 2 |a Obchodná fakulta EU. Katedra marketingu